| 000 -CABECERA |
| Campo de control de longitud fija |
00686nam a22001817a 4500 |
| 008 - CAMPO FIJO DE DESCRIPCIÓN FIJA--INFORMACIÓN GENERAL |
| Campo de control de longitud fija |
211220b ||||| |||| 00| 0 eng d |
| 040 ## - FUENTE DE CATALOGACIÓN |
| Agencia de catalogación original |
CDMR |
| 245 ## - MENCIÓN DE TÍTULO |
| Título |
Mediapart www.mediapart.fr |
| Parte restante del título |
: Premi "Jaime Arias a l'excelència periodística" : 1a edició, 2014 |
| Mención de responsabilidad, etc. |
/ [coordinació a càrrec de Teresa Carreras i Esther Molas] |
| 260 ## - PUBLICACIÓN, DISTRIBUCIÓN, ETC (PIE DE IMPRENTA) |
| Lugar de publicación, distribución, etc. |
Barcelona: |
| Nombre del editor, distribuidor, etc. |
APEC, La Vanguardia |
| Fecha de publicación, distribución, etc. |
2014 |
| 300 ## - DESCRIPCIÓN FÍSICA |
| Extensión |
53 pàgines; |
| Dimensiones |
20 x 20 cm |
| 600 10 - ASIENTO SECUNDARIO DE MATERIA--NOMBRE PERSONAL |
| 9 (RLIN) |
2964 |
| Nombre de persona |
Arias, Jaime |
| 610 #0 - ASIENTO SECUNDARIO DE MATERIA--NOMBRE CORPORATIVO |
| 9 (RLIN) |
4766 |
| Nombre corporativo o nombre de la jurisdicción como elemento de entrada |
Mediapart |
| 700 ## - ENCABEZAMIENTO SECUNDARIO--NOMBRE PERSONAL |
| 9 (RLIN) |
4767 |
| Nombre de persona |
Carreras, Teresa |
| 700 ## - ENCABEZAMIENTO SECUNDARIO--NOMBRE PERSONAL |
| 9 (RLIN) |
4768 |
| Nombre de persona |
Molas, Esther |
| 710 2# - ENCABEZAMIENTO SECUNDARIO--NOMBRE CORPORATIVO |
| 9 (RLIN) |
2067 |
| Nombre corporativo o de jurisdicción como elemento de entrada |
Associació de Periodistes Europeus de Catalunya |
| 710 2# - ENCABEZAMIENTO SECUNDARIO--NOMBRE CORPORATIVO |
| 9 (RLIN) |
1150 |
| Nombre corporativo o de jurisdicción como elemento de entrada |
La Vanguardia (Diari) |
| 942 ## - ELEMENTOS KOHA |
| Fuente de clasificación o esquema de ordenación en estanterías |
|
| Koha tipo de item |
Fullets |